000 00488nam a22001817a 4500
005 20230111131451.0
008 221220b |||||||| |||| 00| 0 eng d
020 _a978-817671-119-7
041 _aeng
082 _a150 MOR-I
100 _aMORGAN , CLIFFORD T., KING , RICHARD AND OTHERS
_97426
245 _aINTRODUCTION TO PHYCHOLOGY
250 _a7th ed.
260 _aNEW DELHI
_bAFFILIATED EAST-WEST PRESS
_c2022
300 _a724;P.
650 _aLAW
_95701
942 _cBK
999 _c8165
_d8163